Sanskrit studies: (Record no. 28075)

MARC details
000 -LEADER
fixed length control field 00875nam a22002417a 4500
005 - DATE AND TIME OF LATEST TRANSACTION
control field 20090706143026.0
008 - FIXED-LENGTH DATA ELEMENTS--GENERAL INFORMATION
fixed length control field 090706t xxu||||| |||| 00| 0 eng d
010 ## - LCCN (DPL NO)
LC control number ENG-94313
020 ## - INTERNATIONAL STANDARD BOOK NUMBER
International Standard Book Number 8189537253
Terms of availability 495.00
020 ## - INTERNATIONAL STANDARD BOOK NUMBER
International Standard Book Number 9788189537258
Terms of availability 495.00
035 ## - SYSTEM CONTROL NUMBER
System control number EN-77846
037 ## - SOURCE OF ACQUISITION
Source of stock number/acquisition DBAD / PUB
040 ## - CATALOGING SOURCE
Original cataloging agency dpl
Language of cataloging English
082 ## - DEWEY DECIMAL CLASSIFICATION NUMBER
Classification number 810.8
100 ## - MAIN ENTRY--PERSONAL NAME
Personal name Shastri, Satya Vrat
245 ## - TITLE STATEMENT
Title Sanskrit studies:
Statement of responsibility, etc by Satya Vrat Shastri
Remainder of title new perspectives /
260 ## - PUBLICATION, DISTRIBUTION, ETC. (IMPRINT)
Place of publication, distribution, etc Delhi
Name of publisher, distributor, etc Yash Publications
Date of publication, distribution, etc 2007
270 ## - ADDRESS
Address X/909, Chand Mohalla, Gandhi Nagar,
City Delhi
Postal code 110031
300 ## - PHYSICAL DESCRIPTION
Extent vi, 211p.
Dimensions 23cm(Hb)
500 ## - GENERAL NOTE
General note Includes index
942 ## - ADDED ENTRY ELEMENTS (KOHA)
Source of classification or shelving scheme Dewey Decimal Classification
Item type English Books
Call number suffix SHA
Classification part 810.8
Holdings
Withdrawn status Lost status Source of classification or shelving scheme Damaged status Not for loan Collection code Home library Current library Date acquired Source of acquisition Cost, normal purchase price Total Checkouts Full call number Barcode Date last seen Copy number Cost, replacement price Koha item type
    Dewey Decimal Classification   Not For Loan Non-fiction D.B.Act.Division D.B.Act.Division 06/07/2009 DBAD / PUB 495.00   810.8 SHA EN-77846 06/07/2009 1 495.00 English Books

© Delhi Public Library
Hit Counter
free hit counter